Phương pháp thực hiện đề tài nghiên cứu khoa học trong sinh viên
Sparad:
| Huvudupphovsman: | |
|---|---|
| Materialtyp: | Bok |
| Språk: | Vietnamese |
| Publicerad: |
Hà Nội
Khoa học và kỹ thuật
2000
|
| Ämnen: | |
| Taggar: |
Lägg till en tagg
Inga taggar, Lägg till första taggen!
|
| Thư viện lưu trữ: | Trung tâm Học liệu Lê Vũ Hùng, Trường Đại học Đồng Tháp |
|---|
| LEADER | 00824pam a22002418a 4500 | ||
|---|---|---|---|
| 001 | 00030601 | ||
| 005 | 20171026081025.0 | ||
| 008 | 130509s2000 ||||||viesd | ||
| 020 | |c 13800 | ||
| 041 | 0 | # | |a vie |
| 082 | 1 | 4 | |a 370.7 |b PH561PH |
| 100 | 1 | # | |a Phạm, Trung Thanh |
| 245 | 1 | 0 | |a Phương pháp thực hiện đề tài nghiên cứu khoa học trong sinh viên |c Phạm Trung Thanh, Nguyễn Thị Lý |
| 260 | # | # | |b Khoa học và kỹ thuật |a Hà Nội |c 2000 |
| 300 | # | # | |a 140 tr. |c 21 cm. |
| 653 | # | # | |a Giáo dục |
| 653 | # | # | |a Nghiên cứu khoa học |
| 653 | # | # | |a Phương pháp |
| 653 | # | # | |a Sinh viên |
| 852 | # | # | |b Kho đọc |j KD.0014528 |
| 852 | # | # | |j KD.0014528 |
| 910 | |d 09/05/2013 | ||
| 980 | # | # | |a Trung tâm Học liệu Lê Vũ Hùng, Trường Đại học Đồng Tháp |